000 02239nam0a2200397 4500
001 RU\NLR\bibl\1693636
005 20260408200008.0
010 _a978-5-9535-0256-6
_9150
021 _aRU
_b2010-74379
_94942
035 _a(nilc)RSL-KNO-004740183
035 _a(NLR Aleph) 001684743
090 _a1123543
_c1123543
100 _a20101004d2010 |||y0rusy50 ca
101 0 _arus
_deng
102 _aRU
105 _aa zzzz|||||
200 1 _aРезультаты и перспективы российско-южнокорейского сотрудничества: к двадцатилетию установления дипломатических отношений между Россией и Республикой Корея
_e[сборник]
_fУчреждение Рос. акад. наук Ин-т мировой экономики и междунар. отношений РАН (ИМЭМО)
_g[редкол.: д.э.н. Федоровский А.Н. (отв. ред.) и др.]
210 _aМосква
_cИМЭМО РАН
_d2010
215 _a95 с.
_cил., табл.
_d29
300 _aРез. на англ. яз.
320 _aБиблиогр. в примеч. в конце ст.
607 _aРоссийская Федерация
_jСборники
_xВзаимоотношения
_yКорея, Республика
_92373849
_3RU\NLR\auth\661416761
607 _aКорея, Республика
_xВзаимоотношения
_yРоссийская Федерация
_jСборники
_3RU\NLR\auth\661416757
_92373843
686 _aУ9(2)89(5КоЮ)я43
_2rubbk
686 _aУ9(5КоЮ)89(2)я43
_2rubbk
686 _aТ3(2)74-64(5КоЮ)я43
686 _aТ3(5КоЮ)6-64(2)я43
702 1 _aФедоровский
_bА. Н.
_gАлександр Николаевич
_4340
712 0 2 _4570
_aИнститут мировой экономики и международных отношений
_cМосква
_3RU\NLR\AUTH\883073
_9277290
801 0 _aRU
_bРГБ
_c20101004
_grcr
801 1 _aRU
_bРГБ
_c20101004
801 2 _aRU
_bNLR
_c20101101
_grcr
830 _aред. раскрыт по кн.
942 _cBOOK
980 _aNB